The complete idiot's guide to Project management / (Record no. 134199)

MARC details
000 -LEADER
fixed length control field 00824nam a22002657a 4500
003 - CONTROL NUMBER IDENTIFIER
control field dpl
005 - DATE AND TIME OF LATEST TRANSACTION
control field 20180614131519.0
008 - FIXED-LENGTH DATA ELEMENTS--GENERAL INFORMATION
fixed length control field 180614b xxu||||| |||| 00| 0 eng d
010 ## - LIBRARY OF CONGRESS CONTROL NUMBER
LC control number A-950279
020 ## - INTERNATIONAL STANDARD BOOK NUMBER
Terms of availability 150.00
International Standard Book Number 9788120314160
035 ## - SYSTEM CONTROL NUMBER
System control number A-950279, A-950297
037 ## - SOURCE OF ACQUISITION
Source of stock number/acquisition Cen Lib/Ret
040 ## - CATALOGING SOURCE
Original cataloging agency DPL
Language of cataloging EN
Transcribing agency 0
082 ## - DEWEY DECIMAL CLASSIFICATION NUMBER
Classification number 658.404
Item number SUN
100 ## - MAIN ENTRY--PERSONAL NAME
Personal name Sunny
9 (RLIN) 40056
245 ## - TITLE STATEMENT
Title The complete idiot's guide to Project management /
Statement of responsibility, etc by Sunny [and] Kim Baker
260 ## - PUBLICATION, DISTRIBUTION, ETC. (IMPRINT)
Place of publication, distribution, etc New Delhi
Name of publisher, distributor, etc Prentice Hall
Date of publication, distribution, etc 1998
270 ## - ADDRESS
Address M-97,Connaught Circus
City New Delhi
Postal code 110001
300 ## - PHYSICAL DESCRIPTION
Extent xxiv, 328p. :
Dimensions 23cm(pbk)
Other physical details ill.
500 ## - GENERAL NOTE
General note Includes index
650 ## - SUBJECT ADDED ENTRY--TOPICAL TERM
Topical term or geographic name as entry element Managment - Project - Planning
9 (RLIN) 40057
650 ## - SUBJECT ADDED ENTRY--TOPICAL TERM
Topical term or geographic name as entry element Managment
9 (RLIN) 40058
700 ## - ADDED ENTRY--PERSONAL NAME
Personal name Baker, Kim
9 (RLIN) 105893
942 ## - ADDED ENTRY ELEMENTS (KOHA)
Source of classification or shelving scheme Dewey Decimal Classification
Koha item type English Books
Classification part 658.404
Call number suffix SUN
Holdings
Withdrawn status Lost status Damaged status Not for loan Collection code Home library Current library Date acquired Source of acquisition Cost, normal purchase price Total Checkouts Full call number Barcode Date last seen Copy number Cost, replacement price Price effective from Koha item type Source of classification or shelving scheme Total Renewals Date checked out
      Not For Loan Reference Central Library Central Library 29/07/2015 Cen Lib/Ret 150.00   658.404 SUN A-950279 29/07/2015 1 150.00 29/07/2015 English Books      
        Non-fiction Shahdara Branch Shahdara Branch 14/06/2018 BPPD/PUB 150.00 3 658.404 SUN A-950297 24/08/2024   150.00 14/06/2018 English Books Dewey Decimal Classification 3 25/07/2024

© Delhi Public Library
Hit Counter
free hit counter